000 00473nam a2200181Ia 4500
008 100920s9999 xx 000 0 und d
082 _b30186
_a2 थ 11
100 _aBRIEUX.
245 _aDAMAGED GOODS A PLAY.
260 _bLIBRARY OF CONGRESS, U.S.A.
_c1911
300 _a244
_bसाधी
365 _b0
520 _aई.एल.बी.
630 _aDAMAGED GOODS A PLAY.
650 _aई.एल.बी.
730 _aDAMAGED GOODS A PLAY.
942 _cBOOK
999 _c685665
_d685662